01270pab a2200229 454500008004000000100001600040245008900056260000900145300001500154362001200169520056300181650002600744650002000770650001900790650002900809650002100838773004400859908000600903909001000909999001700919952010400936180718b2004 xxu||||| |||| 00| 0 eng d aRao, P.S.N. aPublic financial management accountability for good governance in urban local bodies c2004 ap.818-828. aJul-Sep aUrban local bodies (ULBs) are the nerve centres of urban development. There are over 4000 ULBs in India and several thousands of crores of rupees are involved in their operations. They are also one of the oldest institutions in the country incharge of governance at the lowest level in our urban areas. Proper management of their finances is of utmost importance not of the sheer size of each of the ULBs but also of their `public nature'. Further, bad financial management in the ULBs is visibly reflected in the state of our towns and cities. - Reproduced. aPublic administration aGood governance aAccountability aFinancial administration aLocal government aIndian Journal of Public Administration aN a63087 c63087d63087 00104070aIIPAbIIPAd2018-07-19hVolume no: 50, Issue no: 3pAR63537r2018-07-19w2018-07-19yAR